|
|
|
|
| LEADER |
00000caa a22000002c 4500 |
| 001 |
1186394986 |
| 003 |
DE-627 |
| 005 |
20220525131607.0 |
| 007 |
tu |
| 008 |
050308s2004 xx ||||| 00| ||ger c |
| 020 |
|
|
|a 3825868893
|
| 035 |
|
|
|a (DE-627)1186394986
|
| 035 |
|
|
|a (DE-576)116394986
|
| 035 |
|
|
|a (DE-599)BSZ116394986
|
| 040 |
|
|
|a DE-627
|b ger
|c DE-627
|e rakwb
|
| 041 |
|
|
|a ger
|
| 084 |
|
|
|a 2,1
|2 ssgn
|
| 100 |
1 |
|
|a Kinzig, Jörg
|d 1962-
|0 (DE-588)11455515X
|0 (DE-627)391457969
|0 (DE-576)176038353
|4 aut
|
| 109 |
|
|
|a Kinzig, Jörg 1962-
|
| 245 |
1 |
0 |
|a Kriminalpolitik durch das Volk
|b Bemerkungen zum neuen Schweizer Massnahmenrecht und zur Schweizer Volksinitiative "Lebenslange Verwahrung für nicht therapierbare, extrem gefährliche Sexual- und Gewaltstraftäter"
|c Jörg Kinzig
|
| 264 |
|
1 |
|c 2004
|
| 300 |
|
|
|a S. [157] - 179
|
| 336 |
|
|
|a Text
|b txt
|2 rdacontent
|
| 337 |
|
|
|a ohne Hilfsmittel zu benutzen
|b n
|2 rdamedia
|
| 338 |
|
|
|a Band
|b nc
|2 rdacarrier
|
| 773 |
0 |
8 |
|i In
|t Streben nach Gerechtigkeit
|d Münster : Lit-Verl., 2004
|g (2004), Seite [157] - 179
|h V, 383 S
|w (DE-627)392344262
|w (DE-576)113413181
|z 3825868893
|7 nnam
|
| 773 |
1 |
8 |
|g year:2004
|g pages:[157] - 179
|
| 951 |
|
|
|a AR
|
| ELC |
|
|
|b 1
|
| ORI |
|
|
|a SA-MARC-krimdok_oa001.raw
|